Normal view
MARC view
- Poza E J & Daugherty M S
Entry Personal Name
001 - CONTROL NUMBER
- control field: 118200
003 - CONTROL NUMBER IDENTIFIER
- control field: OSt
005 - DATE AND TIME OF LATEST TRANSACTION
- control field: 20230125045712.0
008 - FIXED-LENGTH DATA ELEMENTS
- fixed length control field: 230125|| aca||aabn | a|a d
040 ## - CATALOGING SOURCE
- Original cataloging agency: OSt
- Transcribing agency: OSt
100 ## - HEADING--PERSONAL NAME
- Personal name: Poza E J & Daugherty M S
670 ## - SOURCE DATA FOUND
- Source citation: Work cat.: (OSt)96207: Poza E J 118199, Family Business, 2019